000
00264nam a2200121Ia 4500
008
140626s9999 xx 000 0 und d
245
_a
Court Report /
260
_c
c2012.
300
_a
57 : 9, page 99
440
_a
HR Magazine
521
_a
BSBA
942
_c
SE
999
_c
121486
_d
121486